Language Quiz

Random Language or Latin Quiz

CLC Checklist 12 Quiz Stats

 Plays Quiz not verified by Sporcle

Support Sporcle.
Go Orange.
Score 0/25 Timer 10:00
0 Plays Today
Latin English % Correct
duotwo
97%
tresthree
97%
unusone
93.9%
flammaflame
90.9%
templumtemple
90.9%
iamnow
87.9%
terraground
87.9%
completfills
84.8%
epistulaletter
84.8%
mirabilisstrange
84.8%
optimevery well
84.8%
sentitfeels
84.8%
amittitloses
81.8%
Latin English % Correct
custoditguards
81.8%
fugitruns away
81.8%
monsmountain
81.8%
fortiterbravely
78.8%
frustrain vain
78.8%
fundusfarm
78.8%
iacetlies
75.8%
mittitsends
75.8%
timetis afraid
75.8%
tandemat last
72.7%
paenenearly
66.7%
igiturtherefore
63.6%

You're not logged in!

Compare scores with friends on all Sporcle quizzes.
OR
Log In

From the Vault

'High' Things

by babymonkee

If you do well on this quiz, you may find yourself feeling high and mighty.
Remove Ads.
Support Sporcle.
Get the best of Sporcle when you Go Orange. This ad-free experience offers more features, more stats, and more fun while also helping to support Sporcle. Thank you for becoming a member.

Show Comments

Extras

Created Dec 10, 2012ReportNominate
Tags:Latin Quiz, checklist, clc, English

Top Quizzes Today


Score Distribution

Your Account Isn't Verified!

In order to create a playlist on Sporcle, you need to verify the email address you used during registration. Go to your Sporcle Settings to finish the process.

Report this User

Report this user for behavior that violates our Community Guidelines.

Details: